La Cuisine française #2 (QCM) - Statistiques

Statistiques générales
  • Ce quiz a été pris 1 326 fois
  • Le résultat moyen est 14 sur 20
Statistiques - réponses
Question Réponse % Correct
Quelle spécialité est liée à la ville de Dijon? Moutarde
98%
Quel condiment est connu pour sa production en Guérande? Sel
96%
Quel adjectif/nom se réfère à une préparation de crêpes? Suzette
96%
En France, quelle région/département produit le plus de choucroute? Alsace
94%
Quel fruit est lié à la ville d'Agen? Pruneau
94%
Où iriez-vous si vous deviez acheter de la fougasse? Dans une boulangerie
89%
Quelle charcuterie est produite à Toulouse? Saucisse
89%
Le brocciu est un fromage... ? Corse
88%
La viande de quel animal utilise-t-on pour le pot-au-feu? Bœuf
87%
De quelle région le sarrasin est une culture traditionnelle? Bretagne
77%
Quel vin est uniquement produit sous forme de vin blanc (cette question inclut le vin jaune dans les vins blancs)? Muscadet
77%
Le riz rouge est produit en France en ...? Camargue
76%
Qu'est-ce que le Jésus lyonnais? Un saucisson
66%
Quel ingrédient est typique de la cargolade? Escargot
63%
En Corse, le figatellu désigne quel type de spécialité? Une charcuterie à base de viande et foie de porc
63%
Lequel de ces noms ne désigne pas un vin? Armagnac
61%
Quel vin est bordelais? Fronsac
44%
Le nom de quelle ville n'est pas lié à un jambon? Metz
42%
Quel fromage n'est pas savoyard? Rochebaron
23%
Qui, selon la légende, aurait inventé le coq au vin? Jules César
9%
Aucun quiz correspondant
Distribution des résultats
% des personnes avec chaque résultat
Percentile par nombre de réponses
Votre historique - résultats
Vous n’avez pas pris ce quiz